000 00587nam a22001457a 4500
020 _a0-7497-1338-0
082 _a823
_bBLY/S
100 _aENID BLYTON
245 _aSIX O'CLOCK TALES
260 _aGREAT BRITAIN
_bMAMMOTH
_c1942
300 _a150
520 _aTWINKLE THE ELF ISN'T AFRAID OF ANYONE OR ANYTHING, BUT WHEN HE PLAYS A TRICK ON SNORTY THE DRAGON, HE GETS MORE THAN HE BARGAINED FOR! AND WHILE MALCOLM AND JANET GO ON A THRILLING TRAIN JOURNEY, TUFFY THE CLOWN TRIES TO BE A HERO AND PIXIE PINNIE PAINTS A COW!
650 _aCHILDREN'S STORY BOOK
_zUNITED KINGDOM
942 _cBK
999 _c208
_d208